| 000 | 00350nam a22001457a 4500 | ||
|---|---|---|---|
| 020 | _a978-1-85097-212-9 | ||
| 082 | _a617.645,R11S | ||
| 100 | _aSPLIETH ,CHRISTIAN.H. | ||
| 245 | _aREVOLUTION IN PEDIATRIC DENTISTRY | ||
| 250 | _a1ST | ||
| 260 |
_aLONDON _bQUINTESSENCE PUBLISHING _c2011 |
||
| 300 | _a214 | ||
| 650 | _aPEDODONTICS | ||
| 942 |
_2ddc _cBK |
||
| 999 |
_c9835 _d9835 |
||